Polacy, którzy grali kiedykolwiek klubach Serie A - Statystyki

Ogólne statystyki
  • Ten quiz został rozwiązany 46 razy
  • Średni wynik to 23 z 47
Statystyki odpowiedzi
Kluby w Serie A Pozycja Zawodnik % Poprawnych
Napoli (2016–2022), Juventus (wyp. - 2022–2023 + transf. - 2023–) Napastnik Arkadiusz Milik
93%
Genoa (2018–2019), AC Milan (2019–2020), Fiorentina (wyp. - 2022), Salernitana (wyp. - 2022–2023) Napastnik Krzysztof Piątek
93%
AS Roma (juniorzy - 2011–2021), AS Roma (2021–2025), Inter (wyp. - 2025 + transf. - 2025), Atalanta (2025–) Pomocnik Nicola Zalewski
93%
Udinese (juniorzy - 2011–2012) Udinese (2012–2016), Empoli (wyp. - 2014–2016), Napoli (2016–2024), Inter (2024–) Pomocnik Piotr Zieliński
93%
AS Roma (wyp. - 2015–2017), Juventus (2017–2024) Bramkarz Wojciech Szczęsny
93%
AS Roma (2013–2018), Empoli (wyp. - 2015–2017), Bologna (2018–) Bramkarz Łukasz Skorupski
90%
Palermo (2010–2011), Bari (wyp. - 2011), Torino (2011–2016), Benevento (2020–2023) Obrońca Kamil Glik
80%
Cagliari (2019–2023), Empoli (wyp. - 2022–2023 + transf. - 2023–2024), Torino (2024–), Sassuolo (wyp. - 2025–) Obrońca Sebastian Walukiewicz
80%
Juventus (1982–1985), AS Roma (1985–1988) Pomocnik Zbigniew Boniek
80%
Sampdoria (2017–2025), Napoli (wyp. - 2023), Empoli (wyp. - 2023–2024) Obrońca Bartosz Bereszyński
76%
Fiorentina (2016–2022), Empoli (wyp. - 2019), Spezia (2022–2024) Bramkarz Bartłomiej Drągowski
73%
Fiorentina (wyp. - 2015–2016) Pomocnik Jakub Błaszczykowski
73%
Bologna (2021–2025), Monza (wyp. - 2025) Pomocnik Kacper Urbański
73%
Sampdoria (2016–2020), Torino (2020–2025) Pomocnik Karol Linetty
73%
Chievo Verona (wyp. - 2017–2018 + transf. - 2018–2019), Hellas Verona (wyp. - 2019–2020 + transf. - 2020–2022) Napastnik Mariusz Stępiński
63%
Atalanta (2018–2022), SPAL (wyp. - 2019–2020), Crotone (wyp. - 2020–2021), Spezia (wyp. 2021–2022 + transf. - 2022–2025) Obrońca Arkadiusz Reca
59%
AC Milan (2013), Sampdoria (2013–2015), Cagliari (2015–2018), SPAL (wyp. - 2017–2018 + transf. - 2018–2021), Frosinone (wyp. 2018–2019) Obrońca Bartosz Salamon
59%
Hellas Verona (wyp. - 2018–2019 + transf. - 2019–2025) Obrońca Paweł Dawidowicz
59%
Genoa (2021–2024) Napastnik Aleksander Buksa
56%
Palermo (2016–2018), SPAL (2018–2020) Obrońca Thiago Cionek
56%
Parma (2021–) Napastnik Adrian Benedyczak
51%
Hellas Verona (wyp. - 2024) Napastnik Karol Świderski
51%
Udinese (2018–2021) Napastnik Łukasz Teodorczyk
51%
Fiorentina (2019–2023), Empoli (wyp. - 2020–2022 + wyp. - 2024-2025), Spezia (wyp. - 2023 + transf. - 2023–) Pomocnik Szymon Żurkowski
51%
Spezia (2023–2026) Obrońca Przemysław Wiśniewski
46%
Spezia (2021–2023) Obrońca Jakub Kiwior
44%
Fiorentina (2013–2016) Pomocnik Rafał Wolski
44%
Cagliari (2023–) Obrońca Mateusz Wieteska
41%
Napoli (juniorzy 2018–2022), Napoli (2022–2024) Bramkarz Hubert Idasiak
39%
Lecce (2024–) Pomocnik Filip Marchwiński
37%
Genoa (2019–2024) Pomocnik Filip Jagiełło
29%
Chievo Verona (wyp. - 2006–2007) Pomocnik Kamil Kosowski
29%
Sampdoria (2013–2016), Hellas Verona (wyp. - 2015–2016 + transf. - 2016–2017) Pomocnik Paweł Wszołek
27%
Udinese (1992–1997), Brescia (1997–2002) Obrońca Marek Koźmiński
24%
Hellas Verona (1982–1984), Cremonese (1984–1987) Obrońca Władysław Żmuda
22%
Catania (2009–2013) Obrońca Błażej Augustyn
20%
AC Milan (juniorzy - 2022–2025) Pomocnik Dariusz Stalmach
20%
Empoli (wyp. - 2022 + transf. - 2022–), Inter U23 (wyp. - 2025–) Pomocnik Iwo Kaczmarski
20%
Salernitana (2023–2025) Pomocnik Mateusz Łęgowski
20%
Napoli (juniorzy wyp. - 2012–2013 + transf. - 2013–2014), Napoli (2014–2019) Obrońca Igor Łasicki
17%
Chievo Verona (2013–2017) Napastnik Tomasz Kupisz
17%
Udinese (1992–1993) Obrońca Piotr Czachowski
12%
Hellas Verona (wyp. - 2016) Pomocnik Dominik Furman
10%
Parma (juniorzy - 2023–2024), Parma (2024–) Napastnik Mateusz Kowalski
10%
AC Milan (juniorzy - 2010–2012) Bramkarz Michał Miśkiewicz
10%
Hellas Verona (wyp. - 2022–2023 + transf. - 2023–2025) Pomocnik Mateusz Praszelik
7%
SPAL (juniorzy - 2018–2022) Obrońca Jakub Iskra
0%
Nie znaleziono quizów pasujących do podanych kryteriów
Rozkład punktacji
Procent ludzi z każdym wynikiem
Percentyl według liczby udzielonych odpowiedzi
Twoja historia wyników
Nie rozwiązałeś tego quizu